00501nam a2200157Ia 4500008004100000020001800041041000800059082001200067100001700079245004700096250001100143260004000154650002300194999002100217952010500238260624s2022 xx 000 0 und d a9769354651326 aeng a616.025 aKPP Abhilash aCMC Vellore Handbook of Emergency Medicine a3rd ed bJaypee Brothers Med. Pub.2022c2022 aEmergency Medicine c1222559d1222559 00104070aMCPbMCPd2025-07-03g977.50l0o616.025pMCP-21972r2026-06-25 00:00:00w2026-06-25yBK